Carrefours entre analyse, algèbre, géométrie
Saved in:
| Main Authors: | , , |
|---|---|
| Format: | Bog |
| Sprog: | fransk |
| Udgivet: |
París
Ellipses
2001
|
| Serier: | Capes - Agreg Mathématiques
|
| Fag: | |
| Tags: |
Tilføj Tag
Ingen Tags, Vær først til at tagge denne postø!
|
MARC
| LEADER | 00000nam a2200000 a 4500 | ||
|---|---|---|---|
| 001 | UCM5065 | ||
| 003 | CL-VaPUC | ||
| 008 | 020927e20010000FR |||||||||||||||||fre|d | ||
| 082 | 0 | 4 | |a 512.9 |b ROG |2 21 |
| 100 | 0 | |a Rogalski, Marc |e author |9 471389 | |
| 700 | 0 | |a Robert, Aline |e author |9 471390 | |
| 700 | 0 | |a Pouyanne, Nicolas |e author |9 471391 | |
| 245 | 1 | 0 | |a Carrefours entre analyse, algèbre, géométrie |
| 300 | |a 333 p | ||
| 942 | |c BK | ||
| 945 | |d 20020927 00:00:00 |a cmena | ||
| 260 | |a París |b Ellipses |c 2001 | ||
| 650 | 0 | |a Álgebra |9 259567 | |
| 650 | 0 | |a Conjuntos |9 342214 | |
| 650 | 0 | |a Ecuaciones lineales |9 342219 | |
| 650 | 0 | |a Números complejos |9 270335 | |
| 650 | 0 | |a Geometría |9 264063 | |
| 583 | |a last modification |c 20020927 00:00:00 |k Rodrigo Vera | ||
| 490 | 0 | |a Capes - Agreg Mathématiques | |
| 999 | |c 301363 |d 301361 | ||
| 952 | |0 0 |1 0 |4 0 |6 512_900000000000000_ROG_2001 |7 0 |8 A |9 360217 |a BIBMAT |b BIBMAT |c E_DIDACT |d 2019-11-21 |i 3824772 |o 512.9 ROG 2001 |p 3824772 |r 2025-01-07 |w 2019-11-21 |y BK |k MAT | ||